| 000 | 01388cam a2200361 i 4500 | ||
|---|---|---|---|
| 999 |
_c200441463 _d59675 |
||
| 001 | 200441463 | ||
| 003 | TR-AnTOB | ||
| 005 | 20240824073709.0 | ||
| 007 | ta | ||
| 008 | 760910s1975 fr i000 0 eng d | ||
| 010 | _a76364638 | ||
| 020 | _a9264114386 | ||
| 035 | _a(OCoLC)2093970 | ||
| 040 |
_aDLC _beng _erda _cDLC _dTR-AnTOB _dUtOrBLW |
||
| 041 | 0 | _aeng | |
| 050 | 1 | 4 |
_bHG4517 _a.O73 1975 |
| 090 |
_aTOBBK HG4517 _b.O73 1975 |
||
| 110 | 2 |
_aOrganisation for Economic Co-operation and Development _0http://id.loc.gov/authorities/names/n79045354. _933753 |
|
| 245 | 1 | 0 |
_aInvesting in developing countries : _bfacilities for the promotion of foreign private investment in developing countries / _cOrganisation for Economic Co-operation and Development. |
| 250 | _aThird edition. | ||
| 264 | 2 |
_a[Washington, D.C. : _bsold by OECD Publications Center], _c1975. |
|
| 300 |
_a115 pages ; _c24 cm |
||
| 336 |
_atext _btxt _2rdacontent |
||
| 337 |
_aunmediated _bn _2rdamedia |
||
| 338 |
_avolume _bnc _2rdacarried |
||
| 504 | _aBIBINDX | ||
| 650 | 0 |
_aInvestments, Foreign _0http://id.loc.gov/authorities/subjects/sh85067736. _9121108 |
|
| 650 | 0 |
_aEconomic assistance _0http://id.loc.gov/authorities/subjects/sh85040767. _931861 |
|
| 653 |
_aDeveloping countries _aInvestments, Foreign. |
||
| 942 |
_2z _cBK |
||